| 000 | 00445nam a2200157 4500 | ||
|---|---|---|---|
| 001 | 138384 | ||
| 003 | ES-MaACL | ||
| 005 | 20230906195545.0 | ||
| 007 | t| | ||
| 008 | 070214s1926 xxu r ||||1| eng d | ||
| 100 | 1 |
_aSandburg, Carl. _9103068 |
|
| 245 | 1 | 0 |
_aAbraham Lincoln _b: the prairie years / _cCarl Sandburg. |
| 260 |
_aNew Jersey : _b[s. n.], _c1926 ( _fQuinn and Boden) |
||
| 300 |
_a2 v. ; _c25 x 16 cm. |
||
| 852 |
_aES-MaACL _jF-47-48 |
||
| 999 |
_c138384 _d138384 |
||